| 000 -LEADER |
| fixed length control field |
00309nam a2200133Ia 4500 |
| 008 - FIXED-LENGTH DATA ELEMENTS--GENERAL INFORMATION |
| fixed length control field |
260210s9999 xx 000 0 und d |
| 020 ## - INTERNATIONAL STANDARD BOOK NUMBER |
| International Standard Book Number |
9781259853357 |
| 082 ## - DEWEY DECIMAL CLASSIFICATION NUMBER |
| Classification number |
363.7 |
| 100 ## - MAIN ENTRY--PERSONAL NAME |
| Personal name |
Easton |
| 245 #0 - TITLE STATEMENT |
| Title |
Environmental Issues |
| 250 ## - EDITION STATEMENT |
| Edition statement |
17th Ed |
| 260 ## - PUBLICATION, DISTRIBUTION, ETC. (IMPRINT) |
| Name of publisher, distributor, etc |
McGraw-Hill Education |
| 942 ## - ADDED ENTRY ELEMENTS (KOHA) |
| Item type |
B.PLAN |
| Source of classification or shelving scheme |
|